000 01003nam a2200301 i 4500
001 000012918
003 DO-SdBNP
005 20260522084606.0
007 ta
008 091118s1970 dr 000 0 spa d
040 _aDO-SdBNP
_bspa
_cBNPHU
_erda
041 _aspa
082 4 _a320.97293
_bB742p
_222
100 1 _a Bosch, Juan,
_d1909-2001
_eautor
_4aut.
_976555
245 1 3 _aEl próximo paso :
_bdictadura con respaldo popular /
_cJuan Bosch.
264 1 _aSanto Domingo :
_bImpresora Arte y cine,
_c1970.
300 _a314 páginas ;
_c21 cm.
336 _atexto
_btxt
_2rdacontent
337 _asin mediación
_bn
_2rdamedia
338 _avolumen
_bnc
_2rdacarrier
590 _aInventariado, 2018/ YL
650 4 _aOligarquía
_9596
650 4 _aClases sociales
_zRepública Dominicana
_91062
651 4 _aRepública Dominicana
_xPolítica y gobierno
_y1961-
_9204
651 4 _aAmérica Latina
_xPolítica y gobierno
_92618
910 _aValidado. Control de calidad MFF
942 _2ddc
_cLBS1
999 _c12566
_d12566